01371nam a2200289 i 4500001001000000003000900010005001700019007000300036008004100039040003000080041000800110082002400118100004800142245016500190264004100355300002800396336002700424337003300451338002800484500007300512500030000585504004000885600005000925600003600975651003301011651003701044000021780DO-SdBNP20260220103153.0ta100913s1939 dr 000 0 spa d aDO-SdBNPbspacBNPHUerda aspa 4a972.9304bL595n2221 aLépervanche Parparcén, R.,eautor4aut.10aNúñez de Cáceres y Bolivar :bel proyecto de incorporacion del Estado Independiente de Haiti Español a la gran Colombia /cR. Lépervanche Parparcén. 1aCaracas :bEditorial Bolivar,c1939. a143 páginas ;c17 cm. atextobtxt2rdacontent asin mediaciónbn2rdamedia avolumenbnc2rdacarrier aIncluye referencias bibliográficas y notas al pie de las páginas a "Este estudio ha sido publicado en fragmentos. Uno lo fué en Clio, revista bimestre de la Academia dominicana de la historia, fascículo VI, noviembre y diciembre de 1934; otro en el Boletín de la Academia Nacional de la Historia, Caracas Venezuela, tomo XXI, no. 81, enero-marzo de 1938." aBibliografías : páginas 136-14310a Núñez de Cáceres, José,d1772?-1846.10aBolívar, Simón,d1783-1830. 7aHaitixHistoria y1804-1844. 7a Colombia xHistoriay1822-1832.